Global tourism / (Record no. 5726)

MARC details
000 -LEADER
fixed length control field 00622 a2200193 4500
010 ## - LCCN (DPL NO)
LC control number ENG-87013
020 ## - INTERNATIONAL STANDARD BOOK NUMBER
International Standard Book Number 8131301982
Terms of availability 995.00
035 ## - SYSTEM CONTROL NUMBER
System control number EN-70546
037 ## - SOURCE OF ACQUISITION
Source of stock number/acquisition DBAD / PUB
082 14 - DEWEY DECIMAL CLASSIFICATION NUMBER
Classification number 338.4791
100 1# - MAIN ENTRY--PERSONAL NAME
Personal name Chakraborty, Ahana
245 1# - TITLE STATEMENT
Title Global tourism /
Statement of responsibility, etc by Ahana Chakraborty [and] B.K.Chakravorty
260 ## - PUBLICATION, DISTRIBUTION, ETC. (IMPRINT)
Place of publication, distribution, etc New Delhi
Name of publisher, distributor, etc APH Publisihing
Date of publication, distribution, etc 2007
270 ## - ADDRESS
Address 4435/36-7, Ansari Road, Daryaganj
City New Delhi
Postal code 110 002
Telephone number 23274050
Electronic mail address aphbooks@vsnl.net
300 ## - PHYSICAL DESCRIPTION
Extent vii, 457 p
Dimensions 22 cm (Hb)
500 ## - GENERAL NOTE
General note Includes index
700 1# - ADDED ENTRY--PERSONAL NAME
Personal name Chakravorty, B.K.
942 ## - ADDED ENTRY ELEMENTS (KOHA)
Institution code [OBSOLETE] dpl
Item type English Books
Source of classification or shelving scheme Dewey Decimal Classification
Classification part 338.4791
Call number suffix CHA
Holdings
Withdrawn status Lost status Not for loan Collection code Home library Current library Source of acquisition Cost, normal purchase price Full call number Barcode Copy number Cost, replacement price Koha item type
    Not For Loan Non-fiction D.B.Act.Division D.B.Act.Division DBAD/PUB 995.00 338.4791 CHA EN-70546 1 995.00 English Books

© Delhi Public Library
Hit Counter
free hit counter